000 00444nam a2200169 a 4500
001 0000-8567
003 ELIB.Books
008 110520 1928
035 _a(ELIB.Books)0000-8713
082 _a230
_bKir
100 _aKirth, Kenneth E.
245 _aThe Vision of God: the Christian Doctrine
260 _bLondon: Longmans, Green and Co,.
_c1928
650 _aTheology
942 _2ddc
_cBK
998 _cbat
_e2011-05-20
999 _c8567
_d8567